[Event "FIDE WGP Ankara 2012"]
[Site "Ankara TUR"]
[Date "2012.09.24"]
[Round "8"]
[White "Munguntuul, Batkhuyag"]
[Black "Koneru, Humpy"]
[Result "1/2-1/2"]
[WhiteTitle "IM"]
[BlackTitle "GM"]
[WhiteElo "2434"]
[BlackElo "2593"]
[WhiteFideId "4900758"]
[BlackFideId "5008123"]
[EventDate "2012.09.16"]

1. e4 e5 2. Nf3 Nc6 3. Bb5 a6 4. Ba4 Nf6 5. d3 d6 6. c3 b5 7. Bc2 g6 8. Nbd2 Bg7
9. Nf1 h6 10. Ng3 O-O 11. O-O d5 12. Qe2 Re8 13. Be3 Be6 14. Rfd1 d4 15. cxd4
Nxd4 16. Nxd4 exd4 17. Bd2 c5 18. Rf1 c4 19. f4 c3 20. bxc3 dxc3 21. Bxc3 Nxe4
22. Nxe4 Bxc3 23. Nxc3 Qd4+ 24. Qf2 Qxc3 25. Rac1 Rac8 26. d4 Bd5 27. f5 g5 28.
h4 Qe3 29. hxg5 hxg5 30. f6 Qxf2+ 31. Rxf2 Be4 32. Re1 Bxc2 33. Rxe8+ Rxe8 34.
Rxc2 Rd8 35. Rc6 Rxd4 36. Rxa6 Kh7 37. Ra5 Rb4 38. a4 Rxa4 39. Rxb5 Kg6 40. Rb6
Rf4 41. g3 Rxf6 42. Rb4 Rf3 43. Kg2 Rd3 44. g4 Kf6 45. Rb5 Re3 46. Rf5+ Kg6 47.
Rb5 Re7 48. Kf3 f6 49. Ra5 Kf7 50. Ra1 Rc7 51. Re1 Rc3+ 52. Kg2 Rc6 53. Kf3 Re6
54. Ra1 Re7 55. Ra2 Rd7 56. Re2 Rd3+ 57. Kg2 Rd5 58. Kf3 Re5 59. Ra2 Ke6 60.
Ra6+ Kf7 61. Ra7+ Ke6 62. Ra6+ Ke7 63. Ra7+ Ke6 64. Ra6+ Ke7 1/2-1/2

[Event "FIDE WGP Ankara 2012"]
[Site "Ankara TUR"]
[Date "2012.09.24"]
[Round "8"]
[White "Kosintseva, Tatiana"]
[Black "Ruan, Lufei"]
[Result "1/2-1/2"]
[WhiteTitle "GM"]
[BlackTitle "WGM"]
[WhiteElo "2524"]
[BlackElo "2492"]
[WhiteFideId "4133471"]
[BlackFideId "8602727"]
[EventDate "2012.09.16"]

1. c4 e5 2. Nc3 Nf6 3. g3 d5 4. cxd5 Nxd5 5. Bg2 Nb6 6. e3 Be7 7. Nge2 O-O 8.
O-O c6 9. f4 N8d7 10. b3 exf4 11. Nxf4 Ne5 12. d4 Bg4 13. Qc2 Ng6 14. Nd3 Qd7
15. Ne4 Rad8 16. Bb2 Nd5 17. Qd2 Qc8 18. Ndf2 Be6 19. Rac1 Rfe8 20. Rfe1 f5 21.
Nc5 Bg5 22. Nh3 Bh6 23. Nf4 Bf7 24. Ncd3 Bxf4 25. exf4 Rxe1+ 26. Rxe1 Nf6 27.
Qa5 a6 28. Ne5 Bd5 29. Bh3 Re8 30. Qb4 Nf8 31. Ba3 g6 32. Qd2 Ne6 33. Bf1 Ne4
34. Qe3 Qd8 35. Bb2 Qa5 36. Ra1 Qd2 37. Qxd2 Nxd2 38. Be2 Ne4 39. b4 g5 40. fxg5
N6xg5 41. Bc1 Rf8 42. Bf1 Ne6 43. Be3 f4 44. gxf4 Nxf4 45. a3 Ng5 46. h4 Nge6
47. Kh2 Ng6 48. Nxg6 hxg6 49. Bh3 Ng7 50. Re1 Nf5 51. Bxf5 Rxf5 52. Bg5 b5 53.
Re8+ Rf8 54. Rxf8+ Kxf8 55. Kg3 Kf7 56. Kf4 Ke6 57. Ke3 Ba2 58. Kd3 Kd5 59. Kc3
Ke4 60. Bf6 Bd5 61. Bg5 Ba2 62. Bf6 Bd5 63. Bg5 Ba2 64. Bf6 1/2-1/2

[Event "FIDE WGP Ankara 2012"]
[Site "Ankara TUR"]
[Date "2012.09.26"]
[Round "9"]
[White "Ruan, Lufei"]
[Black "Ju, Wenjun"]
[Result "1/2-1/2"]
[WhiteTitle "WGM"]
[BlackTitle "WGM"]
[WhiteElo "2492"]
[BlackElo "2528"]
[WhiteFideId "8602727"]
[BlackFideId "8603006"]
[EventDate "2012.09.16"]

1. e4 c5 2. Nf3 d6 3. d4 cxd4 4. Nxd4 Nf6 5. Nc3 a6 6. Be2 e5 7. Nb3 Be7 8. O-O
O-O 9. Re1 Be6 10. Bf3 Nbd7 11. a4 Qb8 12. Nd2 Bd8 13. Nf1 Ba5 14. Bd2 Qc7 15.
Ne3 Bxc3 16. Bxc3 Nc5 17. Nf5 Bxf5 18. exf5 Rfe8 19. g4 d5 20. g5 Nfe4 21. Qxd5
Nxc3 22. bxc3 e4 23. Bxe4 Re5 24. Qc4 Qe7 25. f3 Qxg5+ 26. Kh1 Rae8 27. Re2 Qf4
28. Rae1 g6 29. a5 Nxe4 30. fxe4 Rxa5 31. fxg6 hxg6 32. Rg2 Kg7 33. Rf1 Rc5 34.
Qd4+ Qe5 35. Rgf2 Re7 36. Rb1 Qxd4 37. cxd4 Rc4 38. Rd2 Rxe4 39. Rxb7 Rcxd4 40.
Rf2 Rf4 41. Rxf4 Rxf4 42. Kg2 a5 43. Rc7 a4 44. c4 Kf6 45. Kg3 Rd4 46. c5 Rd3+
47. Kg4 Rd2 48. h4 a3 49. Ra7 a2 50. c6 Rc2 51. c7 Rxc7 52. Rxa2 Kg7 53. Ra8 Rc1
54. Ra7 Rf1 55. Ra8 Rg1+ 56. Kh3 f5 57. Rb8 Re1 58. Ra8 Re3+ 59. Kg2 Re6 60. Kg3
Kf6 61. Ra3 Rd6 62. Rb3 Rd8 63. Rb6+ Kg7 64. h5 Rd3+ 65. Kf4 Rd4+ 66. Kf3 gxh5
67. Ra6 Rg4 68. Rb6 Rg6 69. Rb8 Kf6 70. Kf4 Rg4+ 71. Kf3 Ra4 72. Rf8+ Ke6 73.
Re8+ Kf7 74. Rh8 h4 75. Rh6 Kg7 76. Rb6 Rg4 77. Rb7+ Kg6 78. Rb8 Kf7 79. Rb7+
Kf6 80. Rb8 Ra4 81. Rf8+ Kg6 82. Rh8 Rb4 83. Rg8+ Kf7 84. Rh8 Rg4 85. Rh5 Ke6
86. Rh8 Rd4 87. Re8+ Kd5 88. Rf8 Ke5 89. Re8+ Kf6 90. Rf8+ Ke6 91. Re8+ Kd7 92.
Rf8 Rd5 93. Rh8 Rd3+ 94. Kf4 Ke6 95. Rh6+ Kd5 96. Kxf5 h3 97. Kg4 Ke5 98. Rxh3
Rxh3 99. Kxh3 1/2-1/2

[Event "FIDE WGP Ankara 2012"]
[Site "Ankara TUR"]
[Date "2012.09.26"]
[Round "9"]
[White "Koneru, Humpy"]
[Black "Muzychuk, Anna"]
[Result "0-1"]
[WhiteTitle "GM"]
[BlackTitle "GM"]
[WhiteElo "2593"]
[BlackElo "2606"]
[WhiteFideId "5008123"]
[BlackFideId "14111330"]
[EventDate "2012.09.16"]

1. Nf3 c5 2. c4 Nc6 3. Nc3 g6 4. e3 Nf6 5. d4 cxd4 6. exd4 d5 7. Bg5 Be6 8. Bxf6
exf6 9. Be2 Bb4 10. O-O Bxc3 11. bxc3 dxc4 12. Rb1 b6 13. Qa4 Qd7 14. Bxc4 Bxc4
15. Qxc4 O-O 16. Rfe1 Rac8 17. h3 Rfd8 18. Qd3 Qd6 19. Qa6 Rc7 20. Nd2 Kg7 21.
Nc4 Qd5 22. Ne3 Qa5 23. Qc4 Rcc8 24. Qb3 Qg5 25. Nc4 Qd5 26. Ne3 Qd7 27. Rbd1
Na5 28. Qb4 f5 29. d5 Qd6 30. Qd4+ Qf6 31. c4 f4 32. Qxf6+ Kxf6 33. Ng4+ Kg7 34.
Ne5 Nxc4 35. Nxc4 Rxc4 36. Re7 Ra4 37. Rd2 Rd6 38. f3 a5 39. Kf2 Rb4 40. Re4
Rxe4 41. fxe4 Kf6 42. Kf3 Ke5 43. Rb2 h5 44. a4 g5 45. Rb1 Rg6 46. Rd1 g4+ 47.
hxg4 hxg4+ 48. Ke2 Rd6 49. Kd3 f5 50. Re1 fxe4+ 51. Rxe4+ Kxd5 52. g3 Kc5+ 53.
Kc3 f3 54. Rxg4 Rf6 55. Rc4+ Kd5 56. Rd4+ Ke5 57. Rd1 f2 58. Rf1 Ke4 0-1

[Event "FIDE WGP Ankara 2012"]
[Site "Ankara TUR"]
[Date "2012.09.26"]
[Round "9"]
[White "Cmilyte, Viktorija"]
[Black "Munguntuul, Batkhuyag"]
[Result "1/2-1/2"]
[WhiteTitle "GM"]
[BlackTitle "IM"]
[WhiteElo "2520"]
[BlackElo "2434"]
[WhiteFideId "12801259"]
[BlackFideId "4900758"]
[EventDate "2012.09.16"]

1. d4 d5 2. c4 c6 3. Nf3 Nf6 4. Nc3 Qb6 5. Qa4 dxc4 6. e3 Bf5 7. Bxc4 e6 8. Nh4
Bg6 9. Nxg6 hxg6 10. Qc2 Bd6 11. h3 Nbd7 12. Bd2 O-O 13. O-O-O c5 14. d5 exd5
15. Nxd5 Nxd5 16. Bxd5 c4 17. Bc3 Be5 18. Kb1 Rac8 19. g4 Bxc3 20. Qxc3 Nf6 21.
Bg2 Qb5 22. Rd4 Rfd8 23. Rc1 Nd5 24. Bxd5 Rxd5 25. Rxc4 Rcd8 26. Rd4 Qe2 27. Qe1
Qf3 28. Qd1 Qg2 29. Rxd5 Rxd5 30. Qh1 Qxh1 31. Rxh1 Rd2 32. f4 Re2 33. Rc1 Rxe3
34. Rc8+ Kh7 35. Rc7 f5 36. Rxb7 Re4 37. Rxa7 fxg4 38. hxg4 Rxf4 39. g5 Rf5 40.
a4 Rxg5 41. b4 Rf5 42. b5 g5 43. b6 Rf4 44. b7 Rb4+ 45. Kc2 g4 46. Kd2 g3 47.
Ke2 Rb2+ 48. Kf1 Kh6 49. Kg1 g5 50. a5 Kh5 51. a6 Kg4 52. Ra8 Rb1+ 53. Kg2 Rb2+
54. Kg1 Rb1+ 55. Kg2 Rb2+ 56. Kg1 Rb1+ 57. Kg2 1/2-1/2

[Event "FIDE WGP Ankara 2012"]
[Site "Ankara TUR"]
[Date "2012.09.26"]
[Round "9"]
[White "Zhao, Xue"]
[Black "Socko, Monika"]
[Result "1-0"]
[WhiteTitle "GM"]
[BlackTitle "GM"]
[WhiteElo "2549"]
[BlackElo "2463"]
[WhiteFideId "8601283"]
[BlackFideId "1106619"]
[EventDate "2012.09.16"]

1. d4 Nf6 2. c4 e6 3. Nc3 Bb4 4. Qc2 d5 5. cxd5 Qxd5 6. Nf3 Qf5 7. Qb3 Nc6 8. h3
a5 9. a3 a4 10. Qd1 Bxc3+ 11. bxc3 O-O 12. e3 e5 13. Bb2 exd4 14. cxd4 Ne4 15.
Bd3 Qa5+ 16. Ke2 Bf5 17. Qc2 Rfe8 18. Rhd1 Qd5 19. Kf1 Na5 20. Kg1 c6 21. Ne5
Bg6 22. f3 Nf6 23. e4 Qe6 24. Rab1 b5 25. Re1 Nh5 26. Bf1 f6 27. Nxg6 hxg6 28.
Qf2 Nc4 29. Bc1 g5 30. d5 Qd7 31. Qc5 Rac8 32. Bxc4 bxc4 33. d6 c3 34. Rd1 Re6
35. Be3 Rd8 36. Qc4 c2 37. Qxc2 Rxd6 38. Rxd6 Qxd6 39. Qxa4 Nf4 40. Qc4+ Kh7 41.
Qa2 Qe5 42. Qc2 c5 43. Bxf4 gxf4 44. Rc1 Rc8 45. Qc4 Qb2 46. a4 Qd2 47. Kf1 Kh6
48. Qc2 Qb4 49. Rb1 Qd4 50. Rd1 Qe5 51. Qc4 Ra8 52. Kg1 Qg5 53. Rc1 Rd8 54. Qc3
Rd4 55. a5 Rd6 56. Ra1 Ra6 57. Rd1 Qe5 58. Qxe5 fxe5 59. Rd5 Rxa5 60. Rxe5 g6
61. Kh2 Kg7 62. h4 Kf6 63. Rd5 Ke6 64. Kh3 Kf6 65. Kg4 Ra2 66. Rxc5 Rxg2+ 67.
Kxf4 Rh2 68. Kg3 Rh1 69. Rc2 Ke5 70. Rh2 Rg1+ 71. Kf2 Ra1 72. h5 g5 73. Kg3 Rg1+
74. Rg2 Rh1 75. Kg4 Kf6 76. e5+ Kxe5 77. Kxg5 Ke6 78. Kg6 Ke7 79. h6 Kf8 80. h7
Rh3 81. Rg5 Rh1 82. Ra5 1-0

[Event "FIDE WGP Ankara 2012"]
[Site "Ankara TUR"]
[Date "2012.09.27"]
[Round "10"]
[White "Munguntuul, Batkhuyag"]
[Black "Ruan, Lufei"]
[Result "1/2-1/2"]
[WhiteTitle "IM"]
[BlackTitle "WGM"]
[WhiteElo "2434"]
[BlackElo "2492"]
[WhiteFideId "4900758"]
[BlackFideId "8602727"]
[EventDate "2012.09.16"]

1. d4 d5 2. Nf3 c6 3. Bf4 Bf5 4. e3 e6 5. Bd3 Bxd3 6. Qxd3 Nf6 7. Nbd2 Bd6 8.
Bxd6 Qxd6 9. O-O Nbd7 10. e4 dxe4 11. Nxe4 Nxe4 12. Qxe4 O-O 13. c3 h6 14. Rfe1
Rad8 15. Rad1 Rfe8 16. h3 Qd5 17. Qc2 Qa5 18. Qb3 Qb6 19. Qxb6 axb6 20. Ne5 Nxe5
21. Rxe5 c5 22. Ree1 cxd4 23. cxd4 Rd5 24. Re5 Red8 25. Rxd5 Rxd5 26. Rc1 Rxd4
27. Rc8+ Kh7 28. Rc7 Rd1+ 29. Kh2 Rd2 30. Rxf7 Rxb2 31. Rxb7 Rxf2 32. Rxb6 Rxa2
33. Rxe6 Ra3 34. Rb6 Rc3 35. Ra6 Rb3 36. Rc6 Ra3 1/2-1/2

[Event "FIDE WGP Ankara 2012"]
[Site "Ankara TUR"]
[Date "2012.09.28"]
[Round "11"]
[White "Koneru, Humpy"]
[Black "Socko, Monika"]
[Result "1-0"]
[WhiteTitle "GM"]
[BlackTitle "GM"]
[WhiteElo "2593"]
[BlackElo "2463"]
[WhiteFideId "5008123"]
[BlackFideId "1106619"]
[EventDate "2012.09.16"]

1. d4 Nf6 2. c4 e6 3. Nf3 b6 4. g3 Bb7 5. Bg2 c5 6. d5 exd5 7. Ng5 h6 8. Nh3 Qc7
9. cxd5 d6 10. O-O g6 11. e4 Nbd7 12. Nc3 a6 13. f4 Bg7 14. Re1 O-O 15. e5 Nh7
16. e6 Ndf6 17. g4 fxe6 18. Rxe6 Rae8 19. f5 g5 20. Nf2 b5 21. Be3 b4 22. Ne2
Nd7 23. Ne4 Ne5 24. N2g3 Nc4 25. Bf2 Nxb2 26. Qc2 Nd3 27. Qxd3 Bxa1 28. Rg6+ Kh8
29. Nxd6 Re5 30. Nxb7 Qxb7 31. Bxc5 Rf6 32. d6 Qd7 33. Ne4 Rxg6 34. fxg6 Nf8 35.
Qf1 Nxg6 36. Qxa1 Qg7 37. Bd4 Kh7 38. d7 Qe7 39. Bxe5 Nxe5 40. Qxe5 1-0

[Event "FIDE WGP Ankara 2012"]
[Site "Ankara TUR"]
[Date "2012.09.28"]
[Round "11"]
[White "Ruan, Lufei"]
[Black "Muzychuk, Anna"]
[Result "1/2-1/2"]
[WhiteTitle "WGM"]
[BlackTitle "GM"]
[WhiteElo "2492"]
[BlackElo "2606"]
[WhiteFideId "8602727"]
[BlackFideId "14111330"]
[EventDate "2012.09.16"]

1. e4 e5 2. Nf3 Nc6 3. d4 exd4 4. Nxd4 Bc5 5. Nxc6 Qf6 6. Qf3 bxc6 7. Nd2 a5 8.
a4 Ne7 9. Qxf6 gxf6 10. Nb3 Bb6 11. Bd2 O-O 12. c4 d6 13. c5 dxc5 14. Bc4 f5 15.
f3 fxe4 16. fxe4 Be6 17. Rc1 Ng6 18. Bh6 Rfe8 19. Nd2 Ne5 20. b3 Rad8 21. Rc3
Rd6 22. Rg3+ Bg4 23. Bf4 Rg6 24. Bxe5 Rxe5 25. Rf1 Re7 26. Rf4 Bh5 27. Rxg6+
Bxg6 28. g4 Kg7 29. Ke2 f6 30. Ke3 Rd7 31. Rf2 Rd4 32. h4 h6 33. Rg2 Ba7 34. g5
hxg5 35. hxg5 f5 36. Rf2 fxe4 37. Rf6 Bb6 38. Re6 Rd6 39. Re7+ Kf8 40. Re5 Rd4
41. Nf1 Rd7 42. Re6 Kg7 43. Ng3 Rd6 44. Re5 Rd4 45. Kf4 Kf8 46. Re6 Rd6 47. Re5
Rd2 48. Re6 Rd6 49. Rxg6 Rxg6 50. Nxe4 Rd6 51. Kf5 Kg7 52. Nf6 Ba7 53. Nh5+ Kh7
54. Nf6+ Kg7 55. Ng4 Bb6 56. Ne5 Ba7 57. Kg4 Bb6 58. Kh5 Rd2 59. Nxc6 Rh2+ 60.
Kg4 Rg2+ 61. Kf4 Rf2+ 62. Kg3 Rd2 63. Kg4 Rg2+ 64. Kf4 Rf2+ 65. Kg4 Rg2+ 66. Kf4 1/2-1/2